Quizzes
Events
Quiz Creation
Community
Videos
Private Events
Remove Ads
Sign In
Join for FREE
Feedback
Dark Mode
Quiz Categories
Sports
Geography
Music
Movies
Television
Just For Fun
Miscellaneous
History
Literature
Language
Science
Gaming
Entertainment
Religion
Holiday
For Kids
Quiz Lab
Recent
Popular Today
Quiz Kudos Today
Editor Picks
Curator Picks
Quizzes by...
Day
Popularity
Type
Ratings
Length
Year
Community
Subscriptions
Recent Discussions
Orange Saloon
Badges
Playlists
Quests
Create
Leaderboards
Showdown
Live 5
Trivia Bingo
Activity
Puzzle Library
Sporcle Events
Private Events
Virtual Trivia
Globe League
Become a Host
Pub Owners
SporcleCon
Opinionation
Our Games
Videos
Blog
Mobile Apps
Partnerships
Remove Ads and Go Orange
Feedback
Geography
Country
Landmarks
City
State
Population
World
Capital
Continent
Flags
Europe
Africa
Asia
South America
North America
Oceania
Border
Canada
United Kingdom
Topography
United States
Geography
Country
Landmarks
City
State
Population
World
Capital
Continent
Flags
Europe
Africa
Asia
South America
North America
Oceania
Border
Canada
United Kingdom
Topography
United States
Random Quiz
Search Sporcle
×
Quiz Lab
Quiz Lab
Geography
Country
Type in answers that appear in a list
Type in answers that appear in a list
Classic
Best Score? Go Orange.
Oceania territories Stats
Can you name the countries and territories in Oceania?
By
Serlingist
7m
40 Questions
552 Plays
552 Plays
552 Plays
Comments
Comments
Give Quiz Kudos
Give Quiz Kudos
-
- Ratings
hide this ad
Replay
Link that replays current quiz
Next Quiz
Link to next quiz in quiz playlist
You Got
0%
They Got
Avg Score
73%
Avg Friend Score
Upgrade to see
Score Distribution
Jump to the score distribution portion of the page
Score
0/40
Timer
07:00
0
Plays Today
Type
Country or territory
% Correct
Constitutional monarchy
Australia
90%
Republic
Fiji
88.6%
Republic
Kiribati
88.4%
Republic
Samoa
88.4%
Republic
Marshall Islands
87.5%
Territory of USA
American Samoa
87.5%
Kingdom
Tonga
87.3%
Republic
Palau
87%
Constitutional monarchy
Tuvalu
86.8%
Federal republic
Micronesia
86.6%
Constitutional monarchy
New Zealand
86.4%
Territory of USA
Guam
86.1%
State of USA
Hawaii
86.1%
Republic
Vanuatu
85.9%
Republic
Nauru
85.5%
Constitutional monarchy
Solomon Islands
85.3%
Constitutional monarchy
Papua New Guinea
84.2%
Collectivity of France
French Polynesia
82.2%
Self-
governing part of New Zealand
Cook Islands
79.3%
Collectivity of France
New Caledonia
78.6%
Type
Country or territory
% Correct
Commune of Chile
Easter Island
78.3%
Self-
governing part of New Zealand
Niue
76.3%
Territory of UK
Pitcairn Islands
75.7%
Commonwealth in union with USA
Northern Mariana Islands
75.2%
Territory of New Zealand
Tokelau
70.5%
Territory of France
Wallis and Futuna
69.7%
Part of Kiribati
Christmas Island
67.6%
Self-
governing part of Australia
Norfolk Island
65.4%
Territory of USA
Midway Atoll
64.5%
Territory of USA
Wake Island
64.1%
Territory of USA
Baker Island
59.4%
Territory of USA
Johnston Atoll
56%
Territory of USA
Palmyra Atoll
55.6%
Territory of USA
Howland Island
53.3%
Territory of USA
Jarvis Island
53.3%
Territory of Australia
Coral Sea Islands
51.3%
Territory of New Zealand
Chatham Islands
45.7%
Territory of USA
Kingman Reef
45.1%
Part of Kiribati
Phoenix Islands
39.5%
Part of New Zealand
Kermadec Islands
35.7%
Quiz Playlist
Details
Report
Send in Message
Add To Playlist
Classic:
Type in answers that appear in a list
Last Updated: Feb 16, 2017
Quiz Scoreboard
CHALLENGE
Sign Up to Join the Scoreboard
Show All
Scores
Hide
Comments
May contain spoilers
Recently Published
Decade Duel: World Leaders
by jenniferyan
History
4m
Alphabetical 'K' Countries by Flag Minefield
by ylime102
Geography
3m
Pick 6: Fruits
by JohnFran
Miscellaneous
15s
More to Explore
Quiz From the Vault
Featured Blog Post
15 Basketball Trivia Facts You Can Be March Mad About
hide this ad
You Might Also Like...
Tags
Country Quiz
Oceania Quiz
Australia
Today's Top Quizzes in Geography
Browse Geography
hide this ad
Today's Top Quizzes in Country
Browse Country
Top Contributed Quizzes in Geography
1
Countries of the World - No Outlines Minefield
2
Pick 6: Mountains
3
Least Populated Answer: 'G' Countries
4
Alphabetical 'L' Countries By Flag Minefield
5
Lietuvos savivaldybės (Lithuanian Municipalities)
6
Pick 6: National Parks
7
Pick 6: US States
8
Alphabetical 'M' Countries By Flag Minefield
9
'A' Capitals Crossword
10
Countries of the World: 1800
Explore More
Trending Topics
Kpop
Marvel
Crossword
Harry Potter
Anime
Disney
NBA
Song
NFL
WWE
Puzzle
The Office
Pokémon
Soccer
Country
hide this ad
More By:
Serlingist
Quiz
Plays
Rating
Category
Featured
Created
CONCACAF Gold Cup
14,132
4.41
Sports
Mar 23, 2012
European Countries Since 1815
5,856
3.88
Geography
Nov 28, 2010
Red Dwarf Most Lines
2,550
4.81
Television
Dec 8, 2010
Twilight Zone Episodes
1,518
4.60
Television
Mar 8, 2012
1980s English Football Grab Bag
1,462
4.29
Sports
Jul 14, 2013
Go to Creator's Profile
Score Distribution
Quiz Creator Spotlight
Serlingist
Follow
Send a Message
Quizzes Created
-
Created Quiz Play Count
-
More By This Creator
Popular Quizzes Today
1
Countries of Asia Without Outlines Minefield
2
Find the US States - No Outlines Minefield
3
Pick 6: Fruits
4
The Countries of the World
5
Alphabetical 'K' Countries by Flag Minefield
6
Find the Countries of Europe - No Outlines Minefield
7
US States
8
Find the US States
More Geography Quizzes
Alliterative Capital Countries (Europe)
Curator's Pick
Trending Quizzes
Pick 6: Mountains
Pick 6: Harry Potter
Pick 6: Flags
Pick 6: NFL Teams
Pick 6: Movie Franchises
Recently Updated
Adaptations: Name the Title
pecheneg
NWSL Teams
pecheneg
Women's Final Four Teams by Year
bhenderson79
Presidents Quartet II
eogle
Anything But Clue(do)
eogle
Anything But Oceanian Capitals
eogle
Anything But 7
eogle
Anything But Thing
eogle
Word Ladder: February 29
pecheneg
Song Title Questions
pecheneg
Trending Topics
Disney
Crossword
Kpop
Anime
Marvel
NBA
Harry Potter
NFL
Country
The Office
Pokémon
WWE
Song
Soccer
Puzzle
Your Account Isn't Verified!
In order to create a playlist on Sporcle, you need to verify the email address you used during registration. Go to your
Sporcle Settings
to finish the process.
Report this User
Report this user for behavior that violates our
Community Guidelines
.
Details:
Send Report
Go to the Sporcle.com Mobile Site →
Comments